Central Library OPAC University of Rajshahi

Greek philosophy : (Record no. 30914)

MARC details
000 -LEADER
fixed length control field 00672nam a22002291a 4500
001 - CONTROL NUMBER
control field 30914
003 - CONTROL NUMBER IDENTIFIER
rucl marc code BD-RjUL
005 - DATE AND TIME OF LATEST TRANSACTION
control field 20211209051632.0
008 - FIXED-LENGTH DATA ELEMENTS--GENERAL INFORMATION
fixed length control field 140412s19551914enk b 001 0 eng d
035 ## - SYSTEM CONTROL NUMBER
System control number (BD-RjUL)31001
040 ## - CATALOGING SOURCE
Original cataloging agency NZOC
Language of cataloging eng
Transcribing agency NZOC
Modifying agency BD-RjUL
041 ## - LANGUAGE CODE
Language code of text/sound track or separate title eng
082 00 - DEWEY DECIMAL CLASSIFICATION NUMBER
Classification number 182
Author mark and year BUG 1955
100 1# - MAIN ENTRY--PERSONAL NAME
Personal name Burnet, John,
Dates associated with a name 1863-1928.
9 (RLIN) 93919
245 10 - TITLE STATEMENT
Title Greek philosophy :
Remainder of title Thales to Plato /
Statement of responsibility, etc. by John Burnet.
260 ## - PUBLICATION, DISTRIBUTION, ETC. (IMPRINT)
Place of publication, distribution, etc. London :
Name of publisher, distributor, etc. Macmillan,
Date of publication, distribution, etc. 1914 [Reprinted 1955, 1960].
300 ## - PHYSICAL DESCRIPTION
Pagination x, 360 p. ;
Size 22 cm.
504 ## - BIBLIOGRAPHY, ETC. NOTE
Bibliography, etc Includes bibliographical references and index.
650 #0 - SUBJECT ADDED ENTRY--TOPICAL TERM
Topical term or geographic name as entry element Philosophy, Ancient.
9 (RLIN) 93932
942 ## - ADDED ENTRY ELEMENTS (KOHA)
Source of classification or shelving scheme Dewey Decimal Classification
Koha item type Books
Holdings
Lost status Source of classification or shelving scheme Damaged status Not for loan Collection code Permanent Location Current Location Shelving location Date acquired Source of acquisition Cost, normal purchase price Total Checkouts Full call number Date last seen Copy number Koha item type
  Dewey Decimal Classification     Non-fiction Central Library, University of Rajshahi Central Library, University of Rajshahi   05/06/1956 B. H. Blackwell 0.18   182 BUG 1955 12/04/2014 C-6 Books
  Dewey Decimal Classification     Non-fiction Central Library, University of Rajshahi Central Library, University of Rajshahi   12/03/1963 Zeitlinger 30.00   182 BUG 1960 12/04/2014 C-10 Books
  Dewey Decimal Classification     Non-fiction Central Library, University of Rajshahi Central Library, University of Rajshahi   10/12/1962 Zeitlinger 20.00   182 BUG 1960 12/04/2014 C-9 Books
  Dewey Decimal Classification     Non-fiction Central Library, University of Rajshahi Central Library, University of Rajshahi   12/03/1963 Zitlinger 30.00   182 BUG 1960 13/04/2014 C-8 Books
  Dewey Decimal Classification     Non-fiction Central Library, University of Rajshahi Central Library, University of Rajshahi   09/06/1956 Pub. United. 14.10   182 BUG 1955 13/04/2014 C-7 Books
  Dewey Decimal Classification     Non-fiction Central Library, University of Rajshahi Central Library, University of Rajshahi   12/03/1963 Zeitlinger 30.00   182 BUG 1960 21/04/2014 C-5 Books
  Dewey Decimal Classification     Non-fiction Central Library, University of Rajshahi Central Library, University of Rajshahi   12/03/1963 Zeitlinger 30.00   182 BUG 1960 21/04/2014 C-4 Books